Vista normal Vista MARC
  • CONDICIONES DISIOPATOLÓGICAS DEL ADULTO

Entrada Término temático

Número de registros utilizados en: 1

001 - NÚMERO DE CONTROL

  • campo de control: 9527

003 - IDENTIFICADOR DE NÚMERO DE CONTROL

  • campo de control: Iste

005 - FECHA Y HORA DE LA ÚLTIMA TRANSACCIÓN

  • campo de control: 20260408100458.0

008 - ELEMENTOS DE DATO DE LONGITUD-FIJA

  • campo de control de longitud fija: 260408|| aca||aabn | a|a d

040 ## - FUENTE DE CATALOGACIÓN

  • Centro catalogador/agencia de origen: Iste
  • Centro/agencia transcriptor: Iste

150 ## - ENCABEZAMIENTO--TÉRMINO DE MATERIA

  • Término de materia o nombre geográfico como elemento de entrada: CONDICIONES DISIOPATOLÓGICAS DEL ADULTO

670 ## - FUENTE DE DATOS ENCONTRADOS

  • Cita de la fuente: Work cat.: (Iste)1881: Ruz, Manuel Autor Autor 9522, Nutrición y salud, 2021